000 01191nam a2200289 a 4500
005 20060426204826.0
008 051206s2005 ii | b 001 0 eng
010 _aENG-93318
020 _c550.00
035 _aEN-76851
037 _bDBAD / PUB
040 _adpl
_bEnglish
082 _a382.92
100 _aRavishankar Kumar Singh
245 _aWTO and India :
_bChallenges and opportunities /
_cby Ravishankar Kumar Singh [and] R. Shashi Kumar
260 _aDelhi
_bAbhijeet Publications
_c2008
270 _a2/46 Tukhmeerpur Extension
_bDelhi
_e110094
300 _aviii, 188 p. ;
_c22cm (Hb)
500 _aSame ISBN No. 9788189886639 in "The emerging issues on labour problems in India under globalization"
500 _aIncludes bibliographical references and index.
610 _aWorld Trade Organization
_zIndia.
651 _aIndia
_xForeign economic relations.
651 _aIndia
_xEconomic policy.
700 _aShashi Kumar, R.
942 _2ddc
_cEN
_h382.92
_mRAV
999 _c25970
_d25970